Online Catalogue and eLibrary

Feminist Methods in Social Research (Record no. 4560)

MARC details
000 -LEADER
fixed length control field 00513nam a2200205Ia 4500
005 - DATE AND TIME OF LATEST TRANSACTION
control field 20250317065809.0
008 - FIXED-LENGTH DATA ELEMENTS--GENERAL INFORMATION
fixed length control field 240331s9999 xx 000 0 und d
020 ## - INTERNATIONAL STANDARD BOOK NUMBER
ISBN 019507386X
082 ## - DDC Classification
Item Number - Author Mark REI
DDC Edition Number 2267
Class No. 301
100 ## - MAIN ENTRY--PERSONAL NAME
Personal name Reinharz, S
245 #0 - TITLE STATEMENT
Title Feminist Methods in Social Research
260 ## - PUBLICATION, DISTRIBUTION, ETC.
Place of publication, distribution, etc. Oxford;
-- New York.
Name of publisher, distributor, etc. Oxford University Press
Date of publication, distribution, etc. 1992
300 ## - PHYSICAL DESCRIPTION
Extent (e.g. Volumes, Pages etc.) ix, 413 p.,
650 ## - SUBJECT ADDED ENTRY--TOPICAL TERM
Topical term or geographic name entry element Feminism
650 ## - SUBJECT ADDED ENTRY--TOPICAL TERM
Topical term or geographic name entry element Society
650 ## - SUBJECT ADDED ENTRY--TOPICAL TERM
Topical term or geographic name entry element Ethnography
650 ## - SUBJECT ADDED ENTRY--TOPICAL TERM
Topical term or geographic name entry element Culture
650 ## - SUBJECT ADDED ENTRY--TOPICAL TERM
Topical term or geographic name entry element Statistics
942 ## - Koha item type (Biblio)
Koha item type Books in Stacks (Lending)
Holdings
Lost status Damaged status Collection code Home library Current library Shelving location Date acquired Full call number Accession Number Item type
    Lending WERC Library WERC Library Social Science Cupboard 03/31/2024 301 REI 2267 Books in Stacks (Lending)

© WERC Library